| 000 | 00869nam a22002537a 4500 | ||
|---|---|---|---|
| 003 | OSt | ||
| 005 | 20220107122814.0 | ||
| 008 | 160520b xxu||||| |||| 00| 0 eng d | ||
| 020 | _a9783319048963 | ||
| 040 | _cIIITMK | ||
| 082 | _a005.1 JUR/E | ||
| 100 |
_aJürjens, Jan _99655 |
||
| 245 |
_aEngineering secure software and systems: _b6th International Symposium, ESSoS 2014, Munich, Germany, February 26-28, 2014, proceedings _cJan Jürjens(Eds.) |
||
| 260 |
_aLondon, _bSpringer, _c2014. |
||
| 300 | _axviii, 229p. | ||
| 440 |
_aSpringer series in Lecture notes in computer science _99656 |
||
| 650 |
_aCOMPUTER SCIENCE _99657 |
||
| 650 |
_aSOFTWARE ENGINEERING _99658 |
||
| 650 |
_aSECURE SOFTWARE SYSTEMS _99659 |
||
| 650 |
_aCONFERENCE PROCEEDINGS _99660 |
||
| 700 |
_aPiessens, Frank _99661 |
||
| 700 |
_aBielova, Nataliia (Eds.) _99662 |
||
| 942 |
_2ddc _cBK |
||
| 999 |
_c5200 _d5200 |
||